| 000 | 00709nac a22001811u 4500 | ||
|---|---|---|---|
| 010 | _a00056664 | ||
| 020 | _a0130219142 | ||
| 082 | 0 | 0 |
_a658.5 _bM973 |
| 090 |
_c1159 _d1159 |
||
| 100 | _aMurch, Richard. | ||
| 245 | 1 | 0 |
_aProject management : _bbest practices for IT professionals / _cRichard Murch. |
| 260 |
_aUpper Saddle River, NJ : _bPrentice Hall,2001 _cc2001. |
||
| 300 |
_axxiii, 247 p. : _bill. ; _c25 cm. |
||
| 504 | _aIncludes bibliographical references and index. | ||
| 650 | 0 | _aProject management. | |
| 942 |
_cBB _k658.5M973 |
||
| 999 |
_c1159 _d1159 |
||